[Event "Olimpiade 2014 - Open"]
[Site "Tromsø"]
[Date "12.08.2014"]
[Round "10.40"]
[Board "2"]
[White "Henriquez Villagra, Cristobal"]
[Black "Valdes Romero, Leonardo"]
[Result "1-0"]
[WhiteTitle "IM"]
[BlackTitle "IM"]
[WhiteElo "2457"]
[BlackElo "2406"]
[WhiteTeam "Chile"]
[BlackTeam "Costa Rica"]
[WhiteFideId "3409350"]
[BlackFideId "6500331"]
[EventDate "2014.08.02"]

1. e4 d6 2. d4 Nf6 3. Nc3 g6 4. Nf3 Bg7 5. h3 O-O 6. Be3 c6 7. a4 Nbd7 8. a5 Qc7
9. Be2 Rb8 10. O-O b5 11. axb6 axb6 12. Qd2 e5 13. dxe5 dxe5 14. Rfd1 Bb7 15.
Qd6 Rfc8 16. Qxc7 Rxc7 17. Ra7 b5 18. Nd2 Bf8 19. Nb3 Bb4 20. f3 h5 21. Rda1 Kg7
22. Kf2 h4 23. Na2 Be7 24. c4 bxc4 25. Bxc4 Ne8 26. Nc3 Nd6 27. Be2 Nc8 28. R7a5
Ba6 29. Rxa6 Rxb3 30. Na4 Nb8 31. Ra8 Nd7 32. Ra6 Nb8 33. Ra5 Nd7 34. Rd1 Nd6
35. Rd3 Rxd3 36. Bxd3 Nc8 37. Ke2 Nd6 38. Kd1 Nc8 39. Kc2 Nd6 40. Nb6 Bf6 41.
Nxd7 Rxd7 42. Ra6 Rc7 43. Bb6 Rc8 44. Ra7 c5 45. Ba6 Rc6 46. Ba5 Bg5 47. Be2 Kh6
48. Rd7 Bf4 49. Bc7 Ne8 50. Bd8 Bg5 51. Ba5 f5 52. Rd5 fxe4 53. Rxe5 exf3 54.
Bxf3 Rc8 55. Bg4 Bf6 56. Bd2+ Kg7 57. Bc3 Ra8 58. Re7+ Kh6 59. Rxe8 Rxe8 60.
Bxf6 g5 61. Kd3 Kg6 62. Bc3 Re7 63. Kc4 Rc7 64. Kd5 c4 65. Be5 Re7 66. Ke4 Re8
67. Bd7 Rd8 68. Bf5+ Kf7 69. Bc3 Rd3 70. Bg4 Rd8 71. Ke5 Kg6 72. Be6 Re8 73. Kd6
Rd8+ 74. Kc5 1-0

[Event "Olimpiade 2014 - Open"]
[Site "Tromsø"]
[Date "12.08.2014"]
[Round "10.40"]
[Board "3"]
[White "Minero Pineda, Sergio"]
[Black "Valenzuela Fuentealba, Luis"]
[Result "1/2-1/2"]
[WhiteTitle "IM"]
[BlackTitle "IM"]
[WhiteElo "2384"]
[BlackElo "2455"]
[WhiteTeam "Costa Rica"]
[BlackTeam "Chile"]
[WhiteFideId "6500374"]
[BlackFideId "3401294"]
[EventDate "2014.08.02"]

1. d4 d5 2. c4 c6 3. Nc3 Nf6 4. e3 e6 5. Nf3 Nbd7 6. Bd3 dxc4 7. Bxc4 b5 8. Bd3
b4 9. Ne4 Bb7 10. O-O Be7 11. Nxf6+ Nxf6 12. e4 O-O 13. Qe2 Nd7 14. Rd1 c5 15.
Be3 cxd4 16. Nxd4 Nc5 17. Bc4 Qb8 18. f3 Rc8 19. Nb3 a5 20. Rac1 Qe5 21. Bd4 Qg5
22. Be3 Qe5 23. Bd4 Qg5 24. Be3 Qe5 1/2-1/2

[Event "Olimpiade 2014 - Open"]
[Site "Tromsø"]
[Date "12.08.2014"]
[Round "10.40"]
[Board "4"]
[White "Salinas Herrera, Pablo"]
[Black "Murillo Tsijli, Alexis"]
[Result "1/2-1/2"]
[WhiteTitle "FM"]
[BlackTitle "IM"]
[WhiteElo "2398"]
[BlackElo "2303"]
[WhiteTeam "Chile"]
[BlackTeam "Costa Rica"]
[WhiteFideId "3407128"]
[BlackFideId "6500218"]
[EventDate "2014.08.02"]

1. Nf3 d5 2. c4 dxc4 3. e3 Nf6 4. Bxc4 e6 5. O-O a6 6. Bb3 c5 7. d4 b5 8. a4 c4
9. Bc2 Bb7 10. axb5 axb5 11. Rxa8 Bxa8 12. b3 cxb3 13. Bd3 b4 14. Qxb3 Bd6 15.
Nbd2 O-O 16. Bb2 Nc6 17. Ra1 Bb7 18. e4 Bf4 19. e5 Bxd2 20. Nxd2 Nd5 21. Be4
Nce7 22. Nc4 Ng6 23. Nd6 Ba8 24. Bc1 f5 25. Bd3 Ndf4 26. Bf1 Qb6 27. Qb2 Qc6 28.
f3 Qb6 29. Ra6 Qd8 30. Qxb4 Qg5 31. Qe1 Bxf3 32. Ra3 Bd5 33. Rg3 Qh4 34. Qd1 Ra8
35. Be3 Ra2 36. Qb1 Qd8 37. Qb5 Ra1 38. Bd2 Ra2 39. Rc3 Ra8 40. Qb1 Qh4 41. Be1
Qg4 42. Qc2 h6 43. Rg3 Qh5 44. Bc3 Kh7 45. Bb2 Ra7 46. Ne8 Be4 47. Qf2 Qd1 48.
d5 Ra2 49. dxe6 Bd3 50. Nf6+ gxf6 51. Rxd3 Nxd3 52. Qb6 Rxb2 53. Qc7+ Kh8 54.
Qd8+ Kh7 1/2-1/2

[Event "Olimpiade 2014 - Open"]
[Site "Tromsø"]
[Date "12.08.2014"]
[Round "10.41"]
[Board "1"]
[White "Solomon, Kenny"]
[Black "Kelires, Andreas"]
[Result "1/2-1/2"]
[WhiteTitle "IM"]
[WhiteElo "2378"]
[BlackElo "2216"]
[WhiteTeam "South Africa"]
[BlackTeam "Cyprus"]
[WhiteFideId "14300192"]
[BlackFideId "5900727"]
[EventDate "2014.08.02"]

1. Nf3 Nf6 2. c4 e6 3. g3 a6 4. Nc3 d5 5. cxd5 exd5 6. Bg2 Bd6 7. d4 O-O 8. O-O
c6 9. Qc2 Nbd7 10. Re1 Re8 11. Bg5 h6 12. Bf4 Bxf4 13. gxf4 Nf8 14. Ne5 Ng4 15.
e3 Nxe5 16. fxe5 Ng6 17. Ne2 h5 18. f4 Ne7 19. Ng3 h4 20. Nf1 Nf5 21. Rad1 Be6
22. e4 dxe4 23. Bxe4 Qd7 24. Bxf5 Bxf5 25. Qf2 Re6 26. Ne3 Rg6+ 27. Kf1 Bh3+ 28.
Ke2 Bg4+ 29. Nxg4 Qxg4+ 30. Kd2 Qf5 31. Rg1 Rxg1 32. Rxg1 Rd8 33. Kc1 Qe4 34.
Rd1 h3 35. Rd2 Rd5 36. b3 a5 37. Kb2 a4 38. b4 b6 39. a3 Rd8 40. Kc1 Qh1+ 41.
Kb2 Qd5 42. Qg3 c5 43. Qxh3 cxd4 44. Qd3 Rc8 45. Rc2 Rxc2+ 46. Qxc2 Qd7 47. Qd3
g6 48. Kb1 Qd5 49. h3 Qh1+ 50. Kc2 Qg2+ 51. Kd1 Qg1+ 52. Ke2 Qh2+ 53. Kf3 Qxh3+
54. Ke4 Qf5+ 55. Kxd4 Qxf4+ 56. Kd5 Qf5 57. Qb5 Qe6+ 58. Kd4 Qg4+ 59. Kd5 Qf3+
60. Kd6 Qxa3 61. e6 Qg3+ 62. Ke7 Qh4+ 63. Ke8 Qe4 64. e7 a3 65. Kd8 Qa8+ 66. Kc7
Qa7+ 67. Kd6 Qb8+ 68. Kd5 Qb7+ 69. Kd6 Qb8+ 1/2-1/2

[Event "Olimpiade 2014 - Open"]
[Site "Tromsø"]
[Date "12.08.2014"]
[Round "10.41"]
[Board "2"]
[White "Constantinou, Pavlos"]
[Black "Steel, Henry Robert"]
[Result "1-0"]
[BlackTitle "IM"]
[WhiteElo "2106"]
[BlackElo "2399"]
[WhiteTeam "Cyprus"]
[BlackTeam "South Africa"]
[WhiteFideId "5900328"]
[BlackFideId "14300567"]
[EventDate "2014.08.02"]

1. e4 c5 2. Nf3 d6 3. Bb5+ Bd7 4. Bxd7+ Qxd7 5. O-O Nf6 6. Re1 Nc6 7. d4 cxd4 8.
Nxd4 g6 9. b3 Bg7 10. Bb2 O-O 11. c4 a6 12. Nc3 e6 13. Na4 Rad8 14. Nxc6 Qxc6
15. Qf3 Ne8 16. Rad1 b5 17. cxb5 axb5 18. Rc1 Qa8 19. Bxg7 Nxg7 20. Nc3 Qb7 21.
Qd3 b4 22. Qb5 Qxb5 23. Nxb5 d5 24. Nd4 dxe4 25. Nc6 Ra8 26. Rxe4 Rxa2 27. Rxb4
Nf5 28. Rb1 Rc2 29. Rc4 Rxc4 30. bxc4 Rc8 31. Rb8 Rxb8 32. Nxb8 Kf8 33. Kf1 Ke7
34. Ke2 Kd6 35. Kd3 e5 36. Na6 Nh4 37. g3 Nf3 38. h4 Nd4 39. Nb4 Ne6 40. Kc3 f5
41. Nd3 h6 42. Kb4 g5 43. hxg5 hxg5 44. Kb5 e4 45. c5+ Kd5 46. Nb4+ Kd4 47. c6
f4 48. gxf4 gxf4 49. Kb6 Kc4 50. Na6 e3 51. fxe3 f3 52. Nc5 f2 53. Ne4 Kd3 54.
Nxf2+ Kxe3 55. Nh3 Kd4 56. Ng5 Nf8 57. c7 Nd7+ 58. Ka7 1-0

[Event "Olimpiade 2014 - Open"]
[Site "Tromsø"]
[Date "12.08.2014"]
[Round "10.41"]
[Board "3"]
[White "Van den Heever, Donovan"]
[Black "Aristotelous, Vassilis"]
[Result "1-0"]
[WhiteTitle "FM"]
[WhiteElo "2289"]
[BlackElo "1946"]
[WhiteTeam "South Africa"]
[BlackTeam "Cyprus"]
[WhiteFideId "14300494"]
[BlackFideId "5900468"]
[EventDate "2014.08.02"]

1. e4 d5 2. exd5 Qxd5 3. Nc3 Qd6 4. d4 Nf6 5. g3 a6 6. Bf4 Qb4 7. Qd2 c6 8. Bg2
Be6 9. Nge2 Nbd7 10. O-O g6 11. Bc7 b6 12. a3 Qa5 13. d5 Nxd5 14. Bxd5 Bg7 15.
b4 Qxd5 16. Nxd5 Bxd5 17. Rac1 Rc8 18. Bf4 b5 19. Nc3 Be6 20. Rfe1 Nb6 21. Rxe6
fxe6 22. Qe3 e5 23. Qxb6 exf4 24. Ne4 Bh6 25. Rd1 O-O 26. Rd7 f3 27. Qxa6 Rfd8
28. h4 Re8 29. Qb7 Bf8 30. Ng5 c5 31. Qd5+ 1-0

[Event "Olimpiade 2014 - Open"]
[Site "Tromsø"]
[Date "12.08.2014"]
[Round "10.41"]
[Board "4"]
[White "Antoniou, Antonis"]
[Black "Gluckman, David"]
[Result "1-0"]
[WhiteTitle "FM"]
[BlackTitle "IM"]
[WhiteElo "2188"]
[BlackElo "2236"]
[WhiteTeam "Cyprus"]
[BlackTeam "South Africa"]
[WhiteFideId "5900123"]
[BlackFideId "14300010"]
[EventDate "2014.08.02"]

1. e4 Nf6 2. e5 Nd5 3. c4 Nb6 4. d4 d6 5. exd6 exd6 6. Nf3 Be7 7. h3 Bf5 8. Bd3
Bxd3 9. Qxd3 O-O 10. O-O c6 11. Nc3 d5 12. c5 N6d7 13. b4 Na6 14. b5 Nc7 15. Rb1
Ne6 16. bxc6 bxc6 17. Qa6 Qc8 18. Qa4 Bf6 19. Ne2 Re8 20. Be3 a5 21. Rb3 g6 22.
Rfb1 Ra7 23. Nf4 Kg7 24. Nd3 Qa6 25. Qa3 Nc7 26. Nde5 Bxe5 27. dxe5 Ne6 28. Qc1
Raa8 29. Rb7 Ra7 30. R7b3 Raa8 31. Rb7 Ra7 32. R7b6 Nxb6 33. cxb6 Raa8 34. Bg5
h5 35. Bf6+ Kh7 36. Qxc6 Rab8 37. Ng5+ Nxg5 38. Bxg5 Qb7 39. Qf6 Re6 40. Qf4 Qd7
41. Qd4 Rb7 42. Be3 Rc6 43. Qf4 Kg8 44. Rd1 Qe6 45. Qg5 Rc8 46. Qh6 Rc4 47. Qg5
Rb8 48. Bd4 Qc6 49. Qe3 Qa4 50. Rd2 Qc6 51. Rd1 Re8 52. a3 Qa4 53. Rd2 Rc1+ 54.
Kh2 Rb1 55. e6 Qc6 56. Qe5 f6 57. Qxf6 Qd6+ 58. g3 1-0

[Event "Olimpiade 2014 - Open"]
[Site "Tromsø"]
[Date "12.08.2014"]
[Round "10.42"]
[Board "1"]
[White "Tissir, Mohamed"]
[Black "Ziska, Helgi Dam"]
[Result "0-1"]
[WhiteTitle "IM"]
[BlackTitle "IM"]
[WhiteElo "2366"]
[BlackElo "2507"]
[WhiteTeam "Morocco"]
[BlackTeam "Faroe Isles"]
[WhiteFideId "9000240"]
[BlackFideId "7200595"]
[EventDate "2014.08.02"]

1. e4 c5 2. Nf3 d6 3. d4 cxd4 4. Nxd4 Nf6 5. Nc3 a6 6. Be3 e5 7. Nb3 Be6 8. h3
Nc6 9. Be2 Be7 10. O-O O-O 11. f4 exf4 12. Rxf4 Nd7 13. Rf1 Bg5 14. Qd2 Bxe3+
15. Qxe3 Nde5 16. Rad1 Qc7 17. Nd4 Nxd4 18. Qxd4 Rfd8 19. a3 Rac8 20. Kh1 Qc5
21. Qd2 Ng6 22. Bd3 Qe5 23. Rde1 Rc5 24. Re2 Qg3 25. Re3 Qh4 26. Qf2 Qxf2 27.
Rxf2 Ne5 28. Kg1 Rdc8 29. Rf1 b5 30. Be2 Kf8 31. Rd1 Ke7 32. Rd4 Rb8 33. Kf2 a5
34. Rd2 b4 35. axb4 axb4 36. Na4 Ra5 37. b3 Rc8 38. Bd1 Nc4 39. bxc4 Rxa4 40. c3
bxc3 41. Rxc3 Raxc4 42. Rcd3 R8c6 43. Bf3 Rc3 44. Rd4 Rb6 45. Kg3 Ra3 46. Re2
Ra5 47. Red2 Ra2 48. R2d3 g5 49. Kh2 Rc2 50. Ra4 Ra2 51. Rad4 h6 52. Kg3 Rab2
53. Rd1 R2b4 54. R4d2 Rb3 55. Kh2 Ra3 56. Rd4 Rb2 57. Kg3 h5 58. R4d3 h4+ 59.
Kh2 Rxd3 60. Rxd3 Rb6 61. Kg1 Rb3 62. Rxb3 Bxb3 63. Kf2 Kf6 64. Ke3 Ke5 65. Bh5
Bc2 66. Bxf7 Bxe4 67. Kf2 Kf4 68. Be8 d5 69. Ba4 d4 70. Bd1 d3 71. Ba4 Bd5 72.
Bb5 Be4 73. Ba4 Bg6 74. Bb5 d2 75. Ke2 Be4 76. Kxd2 Bxg2 77. Ke2 Kg3 78. Bd7
Bxh3 79. Bc6 Bg2 0-1

[Event "Olimpiade 2014 - Open"]
[Site "Tromsø"]
[Date "12.08.2014"]
[Round "10.42"]
[Board "2"]
[White "Rodgaard, John"]
[Black "Onkoud, Abdelaziz"]
[Result "1/2-1/2"]
[WhiteTitle "IM"]
[BlackTitle "IM"]
[WhiteElo "2361"]
[BlackElo "2383"]
[WhiteTeam "Faroe Isles"]
[BlackTeam "Morocco"]
[WhiteFideId "7200013"]
[BlackFideId "9000283"]
[EventDate "2014.08.02"]

1. c4 e6 2. Nf3 d5 3. d4 Nf6 4. g3 Be7 5. Bg2 O-O 6. O-O dxc4 7. Qa4 a6 8. Qxc4
b5 9. Qc2 Bb7 10. Bd2 Be4 11. Qc1 Qc8 12. Bg5 Nbd7 13. Nbd2 Bb7 14. Nb3 c5 15.
Nxc5 Nxc5 16. dxc5 Qxc5 17. Qxc5 Bxc5 18. Bxf6 gxf6 19. Ne1 Bxg2 20. Kxg2 Rfc8
21. Nd3 Rc7 22. a4 b4 23. Rac1 Rac8 24. Rc4 Bd6 25. Rxc7 Rxc7 26. Rc1 Rxc1 27.
Nxc1 f5 28. Kf3 Kg7 29. e3 Kf6 30. Nd3 e5 31. e4 h5 32. h3 Ke6 33. g4 fxg4+ 34.
hxg4 Kf6 35. gxh5 Kg5 36. h6 Kxh6 37. Kg4 Kg6 38. b3 Kf6 39. f3 Ke6 40. Kg5 Be7+
41. Kg4 Bd6 42. Kh5 Bf8 43. Kg5 Be7+ 44. Kh6 Kf6 45. Nf2 Bf8+ 46. Kh5 Bc5 47.
Ng4+ Ke6 48. Nh6 Kf6 49. Nf5 Bf8 50. Ne3 Ke6 51. Nd5 a5 52. Ne3 Bd6 53. Kg5 Be7+
54. Kg4 Bd6 55. Kg3 Kf6 56. Kg2 Kg5 57. Kf1 Bc7 58. Ke2 Bb8 59. Nf5 Bc7 60. Ne7
Bd6 61. Nc6 Bc7 62. Ne7 Bd6 63. Nc6 1/2-1/2

[Event "Olimpiade 2014 - Open"]
[Site "Tromsø"]
[Date "12.08.2014"]
[Round "10.42"]
[Board "3"]
[White "Hifad, Rachid"]
[Black "Berg, Olaf"]
[Result "0-1"]
[WhiteTitle "IM"]
[BlackTitle "FM"]
[WhiteElo "2311"]
[BlackElo "2320"]
[WhiteTeam "Morocco"]
[BlackTeam "Faroe Isles"]
[WhiteFideId "9000623"]
[BlackFideId "7200420"]
[EventDate "2014.08.02"]

1. d4 d5 2. c4 e6 3. Nc3 Nf6 4. cxd5 exd5 5. Bg5 Nbd7 6. e3 c6 7. Bd3 h6 8. Bh4
Be7 9. Nge2 O-O 10. O-O Re8 11. h3 Nf8 12. Rb1 a5 13. a3 Ne6 14. b4 axb4 15.
axb4 b5 16. Qc2 Nh5 17. Bxe7 Qxe7 18. Rfe1 Ng5 19. Bf5 Bxf5 20. Qxf5 g6 21. Qc2
Qe6 22. Kh2 Ra3 23. Ra1 Qd6+ 24. Kh1 Qxb4 25. h4 Ne6 26. Rxa3 Qxa3 27. e4 Qe7
28. g3 Qf6 29. Kg2 Nxd4 30. Nxd4 Qxd4 31. Rd1 Qc4 32. Qc1 b4 33. exd5 bxc3 34.
d6 Qe4+ 35. Kg1 c2 0-1

[Event "Olimpiade 2014 - Open"]
[Site "Tromsø"]
[Date "12.08.2014"]
[Round "10.42"]
[Board "4"]
[White "Nielsen, Hogni Egilstoft"]
[Black "Choukri, Adel"]
[Result "0-1"]
[WhiteElo "2256"]
[BlackElo "2177"]
[WhiteTeam "Faroe Isles"]
[BlackTeam "Morocco"]
[WhiteFideId "7200404"]
[BlackFideId "9000399"]
[EventDate "2014.08.02"]

1. e4 c5 2. c3 d5 3. exd5 Qxd5 4. d4 cxd4 5. cxd4 Nc6 6. Nf3 e5 7. Nc3 Bb4 8.
Bd2 Bxc3 9. Bxc3 e4 10. Ne5 Nxe5 11. dxe5 Ne7 12. Qa4+ Bd7 13. Qb4 a5 14. Qa3
Qe6 15. Be2 O-O 16. Rd1 Ng6 17. Rd6 Qe7 18. O-O Bc6 19. Qc5 Nf4 20. Qe3 Nd5 21.
Qc5 Nf4 22. Qe3 Nd5 23. Qc5 Nxc3 24. bxc3 Rae8 25. e6 fxe6 26. Bc4 Kh8 27. Rfd1
Rf5 28. Qe3 Bd5 29. Qc5 b6 30. Qxb6 Bxc4 31. Rd7 Qf8 32. Rc7 Bd3 33. c4 Rc8 34.
Ra7 Qc5 35. Qb7 Qxf2+ 36. Kh1 Qf1+ 37. Rxf1 Rxf1# 0-1

[Event "Olimpiade 2014 - Open"]
[Site "Tromsø"]
[Date "12.08.2014"]
[Round "10.43"]
[Board "1"]
[White "Gaealafshwe, Barileng"]
[Black "Ferreira, Jorge Viterbo"]
[Result "1/2-1/2"]
[WhiteTitle "CM"]
[BlackTitle "IM"]
[WhiteElo "2222"]
[BlackElo "2413"]
[WhiteTeam "Botswana"]
[BlackTeam "Portugal"]
[WhiteFideId "11300310"]
[BlackFideId "1910850"]
[EventDate "2014.08.02"]

1. Nf3 c5 2. c4 Nc6 3. d4 cxd4 4. Nxd4 g6 5. e4 Bg7 6. Be3 Nf6 7. Nc3 Ng4 8.
Qxg4 Nxd4 9. Qd1 Ne6 10. Qd2 Qa5 11. Rc1 b6 12. f3 Bb7 13. Be2 g5 14. b3 Be5 15.
Nd5 Qxd2+ 16. Kxd2 Nf4 17. g3 Nxe2 18. Kxe2 e6 19. Nc3 Rg8 20. g4 h5 21. h3 f6
22. Kd3 Rh8 23. Bd4 Ke7 24. Bxe5 fxe5 25. Rcg1 Raf8 26. Ke3 Rf4 27. gxh5 Rxh5
28. Rg3 Bc6 29. Rhg1 Kf6 30. Nd1 Rfh4 1/2-1/2

[Event "Olimpiade 2014 - Open"]
[Site "Tromsø"]
[Date "12.08.2014"]
[Round "10.43"]
[Board "2"]
[White "Rocha, Sergio"]
[Black "Njobvu, Ignatius"]
[Result "1-0"]
[WhiteTitle "IM"]
[BlackTitle "FM"]
[WhiteElo "2392"]
[BlackElo "2193"]
[WhiteTeam "Portugal"]
[BlackTeam "Botswana"]
[WhiteFideId "1900404"]
[BlackFideId "11300132"]
[EventDate "2014.08.02"]

1. Nf3 d5 2. c4 e6 3. b3 Nf6 4. Bb2 b6 5. d3 Bb7 6. Nbd2 c5 7. e3 Nbd7 8. Qc2
Be7 9. g4 h6 10. Rg1 Qc7 11. h4 O-O-O 12. O-O-O Rdg8 13. Kb1 Kb8 14. Be2 Ne8 15.
Rc1 dxc4 16. Nxc4 Bf6 17. d4 g5 18. h5 Bg7 19. Nfe5 Nxe5 20. dxe5 Qc6 21. Rcd1
Nc7 22. Nd6 Rf8 23. f4 f6 24. Nxb7 Kxb7 25. Rd6 Qe8 26. Rgd1 fxe5 27. Bf3+ Kc8
28. Qe4 Nd5 29. f5 Rf6 30. Rxe6 Rxe6 31. fxe6 Qxe6 32. Qxd5 Qxd5 33. Bxd5 Rf8
34. Be6+ Kb8 35. Bf5 Rf7 36. Rd5 Re7 37. Kc2 Kc7 38. Kd3 Kc6 39. Ke4 Kb5 40. Bc3
a6 41. Bd7+ 1-0

[Event "Olimpiade 2014 - Open"]
[Site "Tromsø"]
[Date "12.08.2014"]
[Round "10.43"]
[Board "3"]
[White "Khetho, Phemelo"]
[Black "Rego, Pedro Filipe"]
[Result "0-1"]
[WhiteTitle "FM"]
[WhiteElo "2195"]
[BlackElo "2273"]
[WhiteTeam "Botswana"]
[BlackTeam "Portugal"]
[WhiteFideId "11300280"]
[BlackFideId "1904310"]
[EventDate "2014.08.02"]

1. e4 e5 2. Nf3 Nc6 3. Bb5 a6 4. Ba4 Nf6 5. Qe2 b5 6. Bb3 Be7 7. c3 O-O 8. d4 d6
9. Nbd2 Bb7 10. O-O Re8 11. Ng5 Rf8 12. f4 exd4 13. e5 d3 14. Qf3 Na5 15. Qh3
Bc8 16. Qh4 h6 17. Nxf7 Rxf7 18. Bxf7+ Kxf7 19. exf6 Bxf6 20. Qh5+ Kf8 21. Qd5
Bb7 22. Qxd3 Qd7 23. Ne4 Qc6 24. a4 Qxe4 25. Qxe4 Bxe4 26. axb5 axb5 27. Re1 Nc4
28. Rxa8+ Bxa8 29. Kf2 b4 30. b3 Bxc3 31. bxc4 Bxe1+ 32. Kxe1 Bxg2 33. Ke2 Kf7
34. Bb2 g6 35. Kf2 Bb7 36. Ke3 Ke6 37. Bc1 Ba6 38. Kd3 d5 39. Kd4 Bxc4 40. f5+
gxf5 41. Bxh6 b3 42. Kc3 Ke5 43. Bg7+ Ke4 44. h4 d4+ 45. Kb2 f4 46. h5 f3 47. h6
Bg8 0-1

[Event "Olimpiade 2014 - Open"]
[Site "Tromsø"]
[Date "12.08.2014"]
[Round "10.43"]
[Board "4"]
[White "Santos, Hugo Lima"]
[Black "Olebile, Thato"]
[Result "0-1"]
[BlackTitle "CM"]
[WhiteElo "2266"]
[BlackElo "2144"]
[WhiteTeam "Portugal"]
[BlackTeam "Botswana"]
[WhiteFideId "1913026"]
[BlackFideId "11300760"]
[EventDate "2014.08.02"]

1. e4 c5 2. Nc3 Nc6 3. g3 g6 4. Bg2 Bg7 5. d3 d6 6. Be3 e5 7. Nh3 Nge7 8. O-O
O-O 9. f4 Nd4 10. Kh1 Bd7 11. Qd2 f5 12. Nd1 Bc6 13. c3 Ne6 14. Ng5 Nxg5 15.
fxg5 b6 16. c4 fxe4 17. Rxf8+ Qxf8 18. dxe4 Rd8 19. Nc3 Qf7 20. b3 Qe6 21. Rf1
Bb7 22. Nd5 Nxd5 23. cxd5 Qc8 24. Rc1 Rf8 25. Qd1 Qd7 26. h3 Bc8 27. Kg1 Rf7 28.
Qd2 Ba6 29. Kh2 Bf8 30. h4 Bc8 31. Qe2 Be7 32. a4 a6 33. Bf1 Bd8 34. Qg2 Qb7 35.
g4 Bd7 36. h5 b5 37. hxg6 hxg6 38. axb5 Bxb5 39. Bxb5 Qxb5 40. Qc2 Rf3 41. Re1
Ba5 42. Re2 Qd7 43. Kg1 Qxg4+ 44. Rg2 Qh3 45. Bf2 Rxb3 46. Qd1 Qf3 47. Qf1 Qd3
48. Qxd3 Rxd3 49. Kf1 c4 50. Rh2 c3 51. Be1 Rf3+ 52. Ke2 c2 53. Bd2 Rf1 54. Kd3
Bxd2 55. Kxc2 Bf4 56. Rg2 Re1 57. Kb3 Rxe4 58. Ra2 Rd4 59. Rxa6 Rxd5 60. Ra7
Bxg5 0-1

[Event "Olimpiade 2014 - Open"]
[Site "Tromsø"]
[Date "12.08.2014"]
[Round "10.44"]
[Board "1"]
[White "Al Qudaimi, Basheer"]
[Black "Warner, Delisle"]
[Result "1-0"]
[WhiteTitle "IM"]
[BlackTitle "IM"]
[WhiteElo "2396"]
[BlackElo "2243"]
[WhiteTeam "Yemen"]
[BlackTeam "Barbados"]
[WhiteFideId "9400346"]
[BlackFideId "11100109"]
[EventDate "2014.08.02"]

1. e4 e6 2. d4 d5 3. Nd2 c5 4. exd5 Qxd5 5. Ngf3 cxd4 6. Bc4 Qd6 7. O-O Nf6 8.
Nb3 Nc6 9. Nbxd4 Nxd4 10. Nxd4 a6 11. Re1 Qc7 12. Qe2 Be7 13. Bg5 b5 14. Bb3 Ra7
15. Qf3 O-O 16. Nc6 Bb7 17. Nxe7+ Qxe7 18. Qg3 Kh8 19. Rad1 Raa8 20. Rd4 Qc5 21.
Qh4 Qc6 22. f3 Ng8 23. c3 Rae8 24. Bc2 g6 25. Bf6+ Nxf6 26. Qxf6+ Kg8 27. h4 Qc5
28. Re5 Qe7 29. Qxe7 Rxe7 30. Rc5 Rfe8 31. a4 e5 32. Rd2 e4 33. fxe4 Bxe4 34.
axb5 axb5 35. Rxb5 Bc6 36. Rc5 Re1+ 37. Kh2 R8e6 38. b4 Kg7 39. b5 Be8 40. c4 h5
41. Rc7 Rf6 42. Bd1 Rf4 43. b6 Rxh4+ 44. Kg3 Rhh1 45. b7 Ref1 46. b8=Q Kh6 47.
Rf2 1-0

[Event "Olimpiade 2014 - Open"]
[Site "Tromsø"]
[Date "12.08.2014"]
[Round "10.44"]
[Board "2"]
[White "Husbands, Orlando"]
[Black "Al Badani, Abdu"]
[Result "0-1"]
[WhiteTitle "FM"]
[BlackTitle "FM"]
[WhiteElo "2118"]
[BlackElo "2180"]
[WhiteTeam "Barbados"]
[BlackTeam "Yemen"]
[WhiteFideId "11101644"]
[BlackFideId "9400176"]
[EventDate "2014.08.02"]

1. e4 e6 2. d4 d5 3. Nc3 Nf6 4. e5 Nfd7 5. f4 c5 6. Nf3 Nc6 7. Be3 Be7 8. Qd2 a6
9. Be2 O-O 10. O-O f6 11. exf6 Nxf6 12. dxc5 Ng4 13. Bd4 Qc7 14. g3 Qa5 15. a3
Bxc5 16. b4 Bxd4+ 17. Nxd4 Qb6 18. Rad1 e5 19. fxe5 Rxf1+ 20. Bxf1 Ngxe5 21. Bg2
Bg4 22. Nxd5 Qa7 23. c3 Bxd1 24. Qxd1 Nxd4 25. Qxd4 Qxd4+ 26. cxd4 Nc6 27. Nb6
Rd8 28. d5 Ne5 29. Kf2 Ng4+ 30. Ke2 Nxh2 31. Ke3 g5 32. Kd4 g4 33. Kc5 Kf7 34.
d6 Nf3 35. Bf1 Ne5 36. Kd5 Kf6 37. b5 axb5 38. Bxb5 h5 39. Kc5 Kg5 40. Kd5 Kf6
41. Kc5 Ke6 42. Ba4 Nd3+ 43. Kb5 Rxd6 44. Bb3+ Kf6 45. Nc4 Re6 46. Nb6 Re1 47.
Bd5 Rb1+ 48. Ka5 Nc5 49. Bc4 Kg5 50. Nd5 h4 51. gxh4+ Kxh4 52. Ne3 b6# 0-1

[Event "Olimpiade 2014 - Open"]
[Site "Tromsø"]
[Date "12.08.2014"]
[Round "10.44"]
[Board "3"]
[White "Al-Subaihi, Khalil"]
[Black "Del Castilho, Martyn"]
[Result "1-0"]
[BlackTitle "FM"]
[WhiteElo "2082"]
[BlackElo "2221"]
[WhiteTeam "Yemen"]
[BlackTeam "Barbados"]
[WhiteFideId "9400133"]
[BlackFideId "11100400"]
[EventDate "2014.08.02"]

1. e4 c5 2. Nf3 Nc6 3. d4 cxd4 4. Nxd4 e5 5. Nb5 d6 6. N1c3 a6 7. Na3 b5 8. Nd5
Nge7 9. Be3 Nxd5 10. exd5 Ne7 11. c4 Nf5 12. Bd2 Be7 13. cxb5 e4 14. bxa6 O-O
15. Bc4 Bf6 16. Rb1 Qb6 17. O-O e3 18. Bxe3 Nxe3 19. fxe3 Qxe3+ 20. Kh1 Bxb2 21.
Nc2 Qc5 22. Qd3 Be5 23. Nb4 Qd4 24. Qxd4 Bxd4 25. Nc6 Bc5 26. Rb7 Bxb7 27. axb7
Rab8 28. Rb1 Rfe8 29. g3 f5 30. a4 g5 31. a5 g4 32. a6 Kg7 33. a7 Bxa7 34. Nxa7
Kf6 35. Nc6 Rxb7 36. Rxb7 Re1+ 37. Kg2 Rc1 38. Be2 h5 39. Rd7 Rc2 40. Rxd6+ Kg7
41. Nd4 Rd2 42. Nxf5+ 1-0

[Event "Olimpiade 2014 - Open"]
[Site "Tromsø"]
[Date "12.08.2014"]
[Round "10.44"]
[Board "4"]
[White "Poon, Yu Tien"]
[Black "Al-Aqrabi, Saleh"]
[Result "1/2-1/2"]
[WhiteTitle "FM"]
[WhiteElo "2070"]
[BlackElo "2139"]
[WhiteTeam "Barbados"]
[BlackTeam "Yemen"]
[WhiteFideId "11101393"]
[BlackFideId "9400338"]
[EventDate "2014.08.02"]

1. d4 d5 2. c4 c6 3. Nf3 Nf6 4. Nc3 a6 5. c5 Bg4 6. Ne5 Bf5 7. Bf4 e6 8. e3 Nbd7
9. Bd3 Bxd3 10. Nxd3 Be7 11. O-O O-O 12. h3 Re8 13. b4 Nf8 14. Bh2 Ng6 15. a4
Ne4 16. Qc2 Bf8 17. Nxe4 dxe4 18. Nb2 f5 19. Nc4 Qg5 20. Rab1 Rad8 21. b5 axb5
22. axb5 Rd7 23. bxc6 bxc6 24. Rb6 Rc8 25. Ra1 h5 26. Ne5 Nxe5 27. Bxe5 Rd5 28.
Raa6 Qd8 29. Rxc6 Rxc6 30. Rxc6 Qa5 31. Rxe6 Bxc5 32. dxc5 Rxe5 33. Rxe5 Qa1+
34. Kh2 Qxe5+ 35. g3 h4 36. c6 hxg3+ 37. fxg3 Qc7 38. h4 Kf7 39. Qc4+ Ke7 40.
Qc5+ Ke6 41. h5 Kf6 42. Qd4+ Ke6 43. Qd7+ Qxd7 44. cxd7 Kxd7 45. g4 Ke6 46. g5
Kf7 47. Kg3 g6 48. Kf4 Kg7 49. Ke5 gxh5 50. Kxf5 Kf7 51. g6+ Kg7 52. Kg5 h4 53.
Kxh4 Kxg6 54. Kg4 Kf6 55. Kf4 Ke7 56. Ke5 Kd7 57. Kf6 Kd6 58. Kf5 Kd5 59. Kf6
Kd6 60. Kf7 Ke5 61. Ke7 Kf5 1/2-1/2